书目信息 |
| 题名: |
邓小平论党员领导干部廉洁自律
|
|
| 作者: | 邓小平 著 ;中共中央纪委办公厅 编 | |
| 分册: | ||
| 出版信息: | 北京 中国方正出版社 2000 |
|
| 页数: | 11,125页 | |
| 开本: | 20cm | |
| 丛书名: | ||
| 单 册: | ||
| 中图分类: | A496.4 | |
| 科图分类: | ||
| 主题词: | 干部 , 廉政建设 | |
| 电子资源: | ||
| ISBN: | 7-80107-405-X | |
| 000 | 01018nam0 2200277 450 | |
| 001 | 1554568199 | |
| 005 | 20150204150942.53 | |
| 010 | @a7-80107-405-X@dCNY6.20 | |
| 100 | @a20001018d2000 em y0chiy0110 ea | |
| 101 | 0 | @achi |
| 102 | @aCN@b110000 | |
| 105 | @ay d 000yy | |
| 200 | 1 | @a邓小平论党员领导干部廉洁自律@9deng xiao ping lun dang yuan ling dao gan bu lian jie zi lv@f[邓小平著]@g中央纪委办公厅编 |
| 210 | @a北京@c中国方正出版社@d2000 | |
| 215 | @a11,125页@d20cm | |
| 330 | @a本书辑录了邓小平著作中有关党员领导干部思想作风建设上的重要论述,具有重要的思想理论意义和现实针对性。 | |
| 600 | 0 | @a邓小平@f(1904~1997)@x中国共产党@x干部@x廉政建设@x文摘 |
| 600 | 0 | @2CT@3S012968@a邓小平@f(1904~1997) |
| 601 | 0 | @2CT@3S096238@a中国共产党 |
| 606 | 0 | @a干部 |
| 606 | 0 | @a廉政建设 |
| 690 | @aA496.4@v5 | |
| 701 | 0 | @a邓小平@9deng xiao ping@f(1904~1997.2)@4著 |
| 712 | 02 | @a中共中央纪委办公厅@9zhong gong zhong yang ji wei ban gong ting@4编 |
| 801 | 0 | @aCN@bTSSF@c20150204 |
| 905 | @aZUCC@dA496.4@eJY1 | |
| 邓小平论党员领导干部廉洁自律/[邓小平著]/中央纪委办公厅编.-北京:中国方正出版社,2000 |
| 11,125页;20cm |
| ISBN 7-80107-405-X:CNY6.20 |
| 本书辑录了邓小平著作中有关党员领导干部思想作风建设上的重要论述,具有重要的思想理论意义和现实针对性。 |
| ● |
| 相关链接 |
|
|
|
|
正题名:邓小平论党员领导干部廉洁自律
索取号:A496.4/JY1
 
预约/预借
| 序号 | 登录号 | 条形码 | 馆藏地/架位号 | 状态 | 备注 |
| 1 | 7865906 | 278659060 | 学院路分馆/ [索取号:A496.4/JY1] | 在馆 |